000 00785nam a2200277Ia 4500
003 OSt
005 20221006160339.0
006 a|||||r|||| 00| 0
007 ta
008 221006b |||||||| |||| 00| 0 kor d
020 _a9780804841009
_c
_18.95
024 _a45,014
037 _bGift, Window on korea
_cTextual
040 _aEASL
_cEASL
_bkor
041 _2kor
_akor
082 _aP495, Q0
100 _aPark Kyubyong
_9672978
245 0 _aMastering conversational Korean
_b KOrean for beginners
260 _aTokyo
_bTuttle Publishing Japan
_c2010
300 _a160p. CD - 1
_ccm.
490 _v KL
500 _aAccompanying CD - 1
650 _aKL
942 _hP495, Q0
_cTEXL
_2CC
999 _c1113106
_d1113106